000
00268nam a22001097a 4500
082
_a
297.925WAQ
100
_a
Waqar Ahmed
245
_a
Eminent Muslim Scientists the Quaid and Poets
260
_a
Karachi:
_b
Royal Book Company,
_c
1987.
300
_a
106p. ;
942
_c
BK
999
_c
15436
_d
15436